000 00588nam a2200181Ia 4500
005 20250423094641.0
008 250422s9999 xx 000 0 und d
020 _a0738202428
050 _aHD 38.15 .B87/
100 _aBennis, Worren
245 0 _aBusiness : the ultimate resource
260 _aCambridge
260 _bPerseus Publishing
260 _c2002
300 _a2172 p
650 _a Management--Handbooks, manuals, etc. Entrepreneurship. Success in business. Business--Terminology. Industrial management. Management--Philosophy.
942 _cBK
999 _c27882
_d27882